000 00395nam a2200157Ia 4500
008 160316s9999 xxu||||| |||| 00| 0 eng d
082 _a344.013000
_bVID
100 _aVidyasagar Sunil Durga R.
245 _aChildren of darkness: A manual on child labour in India
250 _a
260 _a
_b
_c0
300 _a8
_b
_c
365 _b
650 _a1. Child labour
700 _aGupta Renu
_a
999 _c40080
_d40080